Pastel Painting / (Record no. 10019)
[ view plain ]
| 000 -LEADER | |
|---|---|
| fixed length control field | 00523nam a22001937a 4500 |
| 003 - CONTROL NUMBER IDENTIFIER | |
| control field | OSt |
| 005 - DATE AND TIME OF LATEST TRANSACTION | |
| control field | 20140310182151.0 |
| 008 - FIXED-LENGTH DATA ELEMENTS--GENERAL INFORMATION | |
| fixed length control field | 130830t xxu||||| |||| 00| 0 eng d |
| 020 ## - INTERNATIONAL STANDARD BOOK NUMBER | |
| International Standard Book Number | 9781853048319 |
| 050 ## - LIBRARY OF CONGRESS CALL NUMBER | |
| Classification number | NC 880 |
| Item number | .B533 1996 |
| 082 ## - DEWEY DECIMAL CLASSIFICATION NUMBER | |
| Classification number | HS 741.235 |
| Item number | B45 1996 |
| 100 ## - MAIN ENTRY--PERSONAL NAME | |
| Personal name | Berrill, Philip |
| 9 (RLIN) | 15763 |
| 245 ## - TITLE STATEMENT | |
| Title | Pastel Painting / |
| Statement of responsibility, etc | Philip Berrill. |
| 260 ## - PUBLICATION, DISTRIBUTION, ETC. (IMPRINT) | |
| Place of publication, distribution, etc | London : |
| Name of publisher, distributor, etc | Ravette Publishing, |
| Date of publication, distribution, etc | 1996 |
| 300 ## - PHYSICAL DESCRIPTION | |
| Extent | 64 p. ; |
| Other physical details | ill. col. ; |
| Dimensions | 25 cm. |
| 648 ## - SUBJECT ADDED ENTRY--CHRONOLOGICAL TERM | |
| Chronological term | Arts |
| General subdivision | painting |
| 9 (RLIN) | 15764 |
| 942 ## - ADDED ENTRY ELEMENTS (KOHA) | |
| Source of classification or shelving scheme | Library of Congress Classification |
| Withdrawn status | Lost status | Source of classification or shelving scheme | Damaged status | Home library | Current library | Shelving location | Date acquired | Total Checkouts | Total Renewals | Full call number | Barcode | Date last seen | Date checked out | Copy number | Price effective from | Koha item type |
|---|---|---|---|---|---|---|---|---|---|---|---|---|---|---|---|---|
| Library of Congress Classification | Luxembourg Library | Luxembourg Library | High School Section | 08/30/2013 | 1 | 4 | NC 880 .B533 1996 | 9301 | 08/11/2015 | 06/23/2014 | 1 | 08/30/2013 | Books |